| 000 | 00939nam a22002895a 4500 | ||
|---|---|---|---|
| 003 | EG-ScBUE | ||
| 005 | 20211121095738.0 | ||
| 008 | 170620s2015 ua f 000 j ara d | ||
| 017 | _a2014 / 22664 | ||
| 020 | _a9789770933220 | ||
| 040 |
_aEG-ScBUE _bara _erda _cEG-ScBUE _dEG-ScBUE |
||
| 082 | 0 | 4 |
_a892.737 _bش ل ب _222 |
| 100 | 1 |
_aشلبي، خيري، _eمؤلف. _923851 |
|
| 245 | 1 | 0 |
_aموت عباءة : _bرواية قصيرة / _cخيري شلبي. |
| 250 | _aالطبعة الأولى. | ||
| 264 | 1 |
_aالقاهرة : _bدار الشروق، _c2015. |
|
| 300 |
_a94 صفحة ؛ _c24 سم |
||
| 336 |
_2rdacontent _aنص _btxt |
||
| 337 |
_2rdamedia _aبدون وسيط _bn |
||
| 338 |
_2rdacarrier _aمجلد _bnc |
||
| 590 | _aدعاء | ||
| 650 | 7 |
_aالقصص العربية القصيرة _zمصر _yقرن 21. _2BUEsh |
|
| 651 | _2BUEsh | ||
| 653 |
_bARALIT _cJune2017 |
||
| 655 |
_vReading book _934232 |
||
| 942 | _2ddc | ||
| 999 |
_c24929 _d24901 |
||